Kilka historii z Łaźni
| Titel: | Kilka historii z Łaźni |
|---|---|
| Beteiligt: | |
| Veröffentlicht: | [Gorzów Wielkopolski] : [Dym recordings], 2020 |
| Umfang: | 1 Audio-CD ; 12 cm |
| Format: | Tonträger |
| Sprache: | Polnisch |
X
alg: 51580577 001A $03004:26-02-24 001B $03004:26-02-24 $t10:42:25.000 001D $03004:26-02-24 001U $0utf8 001X $00 002@ $0Gau 002C $aaufgeführte Musik $bprm $2rdacontent 002C $agesprochenes Wort $bspw $2rdacontent 002D $aaudio $bs $2rdamedia 002D $aComputermedien $bc $2rdamedia 002E $aAudiodisk $bsd $2rdacarrier 003@ $0515805777 003O $01423291613 $aOCoLC 006C $01241603851 $aOCoLC 010@ $apol 011@ $a2020 $n2020 013D $RQuelle $RBericht $RTagebuch $#Personal narratives $#Récits personnels $#Augenzeugenbericht Formschlagwort $#Eindrücke Formschlagwort $#Erlebnisgeschichte $#Reportage Formschlagwort $#Erfahrungsbericht $#Persönlicher Bericht $74133254-4 $8Erlebnisbericht [Ts1] $9085482919 013D $RGespräch $RInterviewleitfaden $#Interviews $#Entretiens $#Entrevistas (Periodismo) $#Entrevistas $#interviews $#Interview $#Interview $#Befragung Interview $74027503-6 $8Interview [Ts1] $9085070343 021A $aKilka historii z Łaźni 028C $BHerausgeber $4edt $7 $8Rosiński, Mateusz [Tnu] $9515805734 033A $p[Gorzów Wielkopolski] $n[Dym recordings] 034D $a1 Audio-CD 034I $a12 cm 037A $aTitel von der Vorderseite des Umschlags. 037A $aInformacje o miejscu wydania i wydawcy według strony: https://dymrecordings.bandcamp.com. 037A $aMuzyka i realizacja wywiadów Mateusz Rosiński. 037A $aNa opakowaniu komentarz w języku polskim. 037A $aFragment komentarza: "Kilka Historii z Łaźni to dźwiękowy pamiętnik. Kilkunastu mieszkańców Gorzowa Wielkopolskiego wspomina krótkie sytuacje z dawnej Łaźni Miejskiej. Przygody z basenu, nostalgiczne podróże do przeszłości, te wesołe oraz te nie do końca dobrze wspominane. Zarówno wywiady, jak i część muzyczna słuchowiska zostały zaaranżowane i skomponowane przez Mateusza Rosińskiego z gościnnym udziałem gorzowskich muzyków." 037B $aWywiady nagrano w Sejfie (Fundacja Wspierania Kultury Dym Oficyna), siedzibie fundacji mieszczącej się w budynku dawnej Łaźni 044A $aGorzów Wielkopolski (woj $2dbn $S#7 $N651 044A $aBaseny pływackie $2dbn $S#7 $N650 044A $aŁaźnie $2dbn $S#7 $N650 044A $aMuzyka elektroniczna $2dbn $S#7 $N655 044A $aSłuchowisko $2dbn $S#7 $N655 044A $aWywiad dziennikarski $2dbn $S#7 $N655 044K $RLandsberg (Warthe) $#Gorzów Wlkp. $#Gorzów $#Landsberg (Warthe) $71216031-3 $8Gorzów Wielkopolski [Tg1] $9042382467 044K $RBad $RSportstätte $#Swimming pools $#Piscines $#Piscinas $#Badeanstalt $74140692-8 $8Schwimmbad [Ts1] $9085540668 044K $RBesucher $RBenutzerin $RKunde $RKundin $#Benutzer $#Benützer $#Anwender $#User Benutzer $#Nutzer $74138534-2 $8Benutzer [Ts1] $9085523771 045F $a910.9438 $eDDC23BSB 045F/01 $a910 045F/03 $g438 046S $aMateusz Rosiński, Maks Wiśniewski, Patryk Cannon, Agata Kneć, Maurycy Kiebzak-Górski, elektronika ; Witold Wawrzon, saksofon ; Łukasz Machała, perkusja ; Bartosz Matuszewski, gitara, elektronika ; Maciej Parada, gitara basowa lok: 51580577 24 exp: 51580577 24 1 #EPN 201B/01 $026-02-24 $t10:39:14.000 201C/01 $026-02-24 201U/01 $0utf8 203@/01 $0125689530X 208@/01 $a26-02-24 $bz 209A/01 $aERes 1311 $du $f050 $hERES 1311 $x00 209C/01 $a24.00862 G $h24 00862 G 209G/01 $a74814158 $x00 220C/01 $ahae 247C/01 $8358050-7Marburg, Bibliothek des Herder-Instituts Marburg $9102600961
| LEADER | 00000cjm a2200000 c 4500 | ||
|---|---|---|---|
| 001 | 515805777 | ||
| 003 | DE-603 | ||
| 005 | 20240226104225.0 | ||
| 007 | s||||||||||||| | ||
| 008 | 240226s2020 xx |||||||||||||||||pol c | ||
| 035 | |a (DE-599)HEB515805777 | ||
| 035 | |a (OCoLC)1423291613 | ||
| 040 | |a DE-603 |b ger |c DE-603 |d DE-603 | ||
| 041 | |a pol | ||
| 082 | 0 | 4 | |8 1\u |a 910.9438 |q DE-101 |2 23/BSB |
| 085 | |8 1\u |b 910 | ||
| 085 | |8 1\u |z 2 |s 438 | ||
| 245 | 0 | 0 | |a Kilka historii z Łaźni |
| 264 | 1 | |a [Gorzów Wielkopolski] |b [Dym recordings] |c 2020 | |
| 300 | |a 1 Audio-CD |c 12 cm | ||
| 336 | |a aufgeführte Musik |b prm |2 rdacontent | ||
| 336 | |a gesprochenes Wort |b spw |2 rdacontent | ||
| 337 | |a audio |b s |2 rdamedia | ||
| 337 | |a Computermedien |b c |2 rdamedia | ||
| 338 | |a Audiodisk |b sd |2 rdacarrier | ||
| 500 | |a Titel von der Vorderseite des Umschlags. | ||
| 500 | |a Informacje o miejscu wydania i wydawcy według strony: https://dymrecordings.bandcamp.com. | ||
| 500 | |a Muzyka i realizacja wywiadów Mateusz Rosiński. | ||
| 500 | |a Na opakowaniu komentarz w języku polskim. | ||
| 500 | |a Fragment komentarza: "Kilka Historii z Łaźni to dźwiękowy pamiętnik. Kilkunastu mieszkańców Gorzowa Wielkopolskiego wspomina krótkie sytuacje z dawnej Łaźni Miejskiej. Przygody z basenu, nostalgiczne podróże do przeszłości, te wesołe oraz te nie do końca dobrze wspominane. Zarówno wywiady, jak i część muzyczna słuchowiska zostały zaaranżowane i skomponowane przez Mateusza Rosińskiego z gościnnym udziałem gorzowskich muzyków." | ||
| 500 | |a Wywiady nagrano w Sejfie (Fundacja Wspierania Kultury Dym Oficyna), siedzibie fundacji mieszczącej się w budynku dawnej Łaźni | ||
| 511 | 0 | |a Mateusz Rosiński, Maks Wiśniewski, Patryk Cannon, Agata Kneć, Maurycy Kiebzak-Górski, elektronika ; Witold Wawrzon, saksofon ; Łukasz Machała, perkusja ; Bartosz Matuszewski, gitara, elektronika ; Maciej Parada, gitara basowa | |
| 650 | 7 | |a Schwimmbad |0 (DE-588)4140692-8 |0 (DE-603)085540668 |2 gnd | |
| 650 | 7 | |a Benutzer |0 (DE-588)4138534-2 |0 (DE-603)085523771 |2 gnd | |
| 651 | 7 | |a Gorzów Wielkopolski |0 (DE-588)1216031-3 |0 (DE-603)042382467 |2 gnd | |
| 655 | 7 | |a Erlebnisbericht |2 gnd-content |0 (DE-588)4133254-4 |0 (DE-603)085482919 | |
| 655 | 7 | |a Interview |2 gnd-content |0 (DE-588)4027503-6 |0 (DE-603)085070343 | |
| 700 | 1 | |a Rosiński, Mateusz |e Herausgeber |4 edt |0 (DE-603)515805734 | |
| 924 | 0 | |9 Mb 50 |a (DE-603)125689530X |b DE-Mb50 |c HES |d c |g ERes 1311 | |


